Personnages Games of Thrones - Image - Statistiques

Statistiques générales
  • Ce quiz a été pris 184 fois
    178 depuis la dernière actualisation
  • Le résultat moyen est 11 sur 20
Statistiques - réponses
Par images Réponse % Correct
Jon Snow
98%
Arya Stark
90%
Daenerys Targaryen
90%
Sansa Stark
86%
Cersei Lannister
77%
Joffrey Barathéon
66%
Khal Drogo
66%
Jaime Lannister
52%
Bran Stark
50%
Missandei
50%
Le Roi de la Nuit
48%
Eddard Stark
46%
Robb Stark
45%
Ramsay Snow
42%
Ver Gris
38%
Samwell Tarly
33%
Ygritte
31%
Mélisandre
26%
Margaery Tyrell
25%
Brienne de Torth
20%
Aucun quiz correspondant
Distribution des résultats
% des personnes avec chaque résultat
Percentile par nombre de réponses
Votre historique - résultats
Vous n’avez pas pris ce quiz depuis la dernière actualisation